[Event "Uralsk-ch Men 2019"]
[Site "Khanty-Mansiysk"]
[Date "2019.03.13"]
[Round "1.1"]
[White "Pridorozhni, Aleksei"]
[Black "Marat, Maslov"]
[Result "1-0"]
[WhiteElo "2593"]
[BlackElo "2031"]
[Annotator "TA"]
[PlyCount "45"]
[EventDate "2019.03.12"]
[EventType "swiss"]
[EventCountry "RUS"]
[SourceTitle "playchess.com"]
[Source "ChessBase"]
[SourceQuality "1"]

{[%evp 9,45,97,104,107,122,63,118,46,60,7,88,80,141,134,233,236,230,238,400,329,431,399,407,332,337,322,560,547,727,714,735,716,723,606,725,731,812,805]} 1. e4 e6 2. d4 b6 3. c4 Bb7 4. Bd3 c5 (4... Nc6 5. Nf3 Nb4 6. O-O Nxd3 7. Qxd3 d6 8. Nc3 Nf6 9. d5 Ba6 10. Qc2 Bb7 11. Qa4+ Qd7 12. Nb5 c6 13. dxc6 Bxc6 {0-1 (52) Holt,C (2548)-Nakamura,H (2749) chess.com INT 2019}) 5. d5 exd5 6. exd5 {A40: Unusual replies to 1 d4} d6 $146 ({Predecessor:} 6... Nf6 7. Nf3 Be7 8. O-O O-O 9. Nc3 d6 10. Qc2 Nbd7 11. Ng5 g6 12. Re1 {1-0 (42) Guasconi,L (1595)-Molinelli,L (1236) Crema 2013}) 7. f4 ({White should play} 7. Nf3 $16) 7... g6 (7... b5 $14) 8. Bd2 (8. Nc3 $16) 8... Bg7 $14 9. Bc3 ({Better is} 9. Nc3 $14) 9... Bxc3+ (9... Nf6 $11 {remains equal.}) 10. Nxc3 $16 ({Don't play} 10. bxc3 $6 Nf6 $11) 10... f5 (10... Nf6 $142) 11. Nf3 h6 (11... Nf6 $16 {keeps fighting.}) 12. Qc2 $18 Qf6 13. O-O-O Rh7 $2 {[#]} (13... Bc8 {might work better.} 14. Rde1+ Kd8) 14. g4 Bc8 15. g5 hxg5 16. fxg5 Qf8 17. Ne2 a6 $2 {[#]} (17... Na6 {is a better defense.} 18. Nf4 Ne7) 18. Nf4 {White is clearly winning.} Qg7 19. Rde1+ Kd8 20. h4 Ra7 21. h5 gxh5 22. g6 Rh8 23. Ng5 {Accuracy: White = 50%, Black = 20%.} 1-0

[Event "Uralsk-ch Men 2019"]
[Site "Khanty-Mansiysk"]
[Date "2019.03.13"]
[Round "1.2"]
[White "Timur, Sabirov"]
[Black "Iljiushenok, Ilia"]
[Result "0-1"]
[WhiteElo "1922"]
[BlackElo "2524"]
[Annotator "TA"]
[PlyCount "92"]
[EventDate "2019.03.12"]
[EventType "swiss"]
[EventCountry "RUS"]
[SourceTitle "playchess.com"]
[Source "ChessBase"]
[SourceQuality "1"]

{[%evp 14,92,37,27,36,26,31,0,-14,-43,-29,-73,-11,-22,0,0,44,50,86,76,89,67,89,56,102,102,128,121,123,127,150,127,133,139,136,120,113,127,120,118,164,128,127,116,106,120,177,187,187,-279,-289,-254,-246,-315,-314,-300,-260,-282,-281,-274,-282,-294,-231,-233,-227,-306,-300,-293,-300,-309,-305,-418,-418,-578,-576,-648,-606,-668,-668,-668,-664]} 1. d4 Nf6 2. c4 c5 3. d5 b5 4. cxb5 a6 5. bxa6 g6 6. Nc3 Bg7 7. g3 d6 8. Bg2 Qa5 {A58: Benko/Volga Gambit: Lines with 5 bxa6} (8... O-O 9. Nf3 Nbd7 10. O-O Nb6 11. e4 Bxa6 12. Re1 Nc4 13. Bf1 Nd7 14. Nd2 Nde5 15. Nxc4 Nxc4 16. Bd3 Qb6 17. Rb1 Rfb8 18. Na4 Qb4 19. Kg2 Ne5 20. Bd2 {0-1 (53) Harika,D (2528)-Kramnik,V (2803) Douglas 2017}) 9. Bd2 Qb6 $146 ({Predecessor:} 9... Nbd7 10. Rb1 Nb6 11. b3 O-O 12. Qc2 Qxa6 13. e4 e6 14. dxe6 Bxe6 15. Nge2 d5 16. a4 Nxe4 17. Nxe4 dxe4 {0-1 (28) Kveinys,A (2539)-Tkachiev,V (2660) Drancy 2016}) 10. Qa4+ Bd7 {The position is equal.} 11. Qc4 O-O 12. b3 Nxa6 (12... Qb4 $17) 13. Nf3 $11 Nc7 14. O-O h6 15. e4 Bc8 16. Rfe1 Nd7 17. Qd3 Ba6 18. Qc2 Rfc8 19. Rab1 Rab8 20. Bh3 Rd8 21. Na4 $36 {[%mdl 2048] White is on the roll.} Qb5 22. Bf1 Qb7 {[#]} 23. b4 $1 {[%cal Rb4c5]} Bxf1 24. Rxf1 {[%cal Rb4c5]} cxb4 25. Rxb4 Qa7 26. Be3 Qa8 27. Rxb8 Rxb8 28. Nb6 {[%mdl 64] Decoy} Nxb6 29. Qxc7 {[%mdl 64] Double Attack} Na4 (29... Rb7 $16 30. Qc6 Na4) 30. Qxe7 $18 Nc3 31. Bd4 $4 {[%mdl 8192] [#]} (31. Nd2 $18) 31... Ne2+ $1 $19 32. Kg2 {Black must now prevent Bxg7.} Nxd4 33. Nxd4 Bxd4 34. Qxd6 Rb2 35. a3 Qe8 36. Qf4 Re2 37. d6 Qxe4+ 38. Qxe4 Rxe4 {[%mdl 4096] Endgame KRB-KR} 39. Kf3 Re6 40. d7 Rd6 41. Rb1 {And now Rb8+ would win.} Rxd7 42. Rb3 Ra7 43. Ke4 Bxf2 {Black is clearly winning.} 44. Kd5 Ra5+ 45. Kc6 Bc5 46. a4 Bf8 {Accuracy: White = 48%, Black = 52%.} 0-1

[Event "Uralsk-ch Men 2019"]
[Site "Khanty-Mansiysk"]
[Date "2019.03.13"]
[Round "1.3"]
[White "Drygalov, Andrey"]
[Black "Alexey, Popovich"]
[Result "1-0"]
[WhiteElo "2491"]
[BlackElo "1956"]
[Annotator "TA"]
[PlyCount "67"]
[EventDate "2019.03.12"]
[EventType "swiss"]
[EventCountry "RUS"]
[SourceTitle "playchess.com"]
[Source "ChessBase"]
[SourceQuality "1"]

{[%evp 14,67,26,19,47,27,34,0,31,34,28,31,27,24,64,46,102,106,125,116,129,123,113,78,80,56,68,71,85,72,90,105,172,172,175,175,173,170,287,118,115,117,111,122,268,256,236,205,244,248,259,278,222,173,404,393]} 1. d4 d5 2. c4 e6 3. Nf3 Nf6 4. Nc3 Be7 5. Bf4 c6 6. e3 Nbd7 7. h3 O-O 8. Qc2 b6 {D37: Queen's Gambit Declined: 5 Bf4} (8... a6 9. Rd1 b6 10. Bd3 Bb7 11. O-O c5 12. cxd5 exd5 13. dxc5 bxc5 14. e4 d4 15. Na4 h6 16. Nd2 Bc6 17. Bh2 Bxa4 18. Qxa4 {1-0 (50) Zhigalko,S (2649)-Grachev,B (2705) Nakhchivan 2012}) 9. Bd3 Bb7 10. Rd1 c5 $146 {The position is equal.} ({Predecessor:} 10... a6 11. a3 dxc4 12. Bxc4 b5 13. Bd3 h6 14. O-O Qb6 15. b4 a5 16. Rb1 axb4 17. axb4 {1-0 (38) Svetushkin,D (2569)-Managadze,N (2444) Athens 2006}) 11. cxd5 exd5 12. dxc5 Nxc5 13. O-O Rc8 14. Bf5 Ne6 (14... Ra8 $14) 15. Ng5 $1 $36 {[%cal Rg5e6][%mdl 2048] Keeping Black busy.} Nxf4 16. Bxc8 ({Reject} 16. exf4 $6 Rc5 $14) ({Don't play} 16. Bxh7+ $6 Kh8 $11) 16... Qxc8 17. exf4 Bd6 18. Nf3 Bxf4 19. Qa4 Bb8 20. Rfe1 a6 21. Qh4 Rd8 22. Ne2 Qc7 (22... Ne4 $16) 23. Ned4 $18 Qf4 24. Qxf4 Bxf4 25. Ne5 $1 g6 {[#]} (25... Rc8 $142 26. g3 Bxe5) 26. g3 (26. Nxf7 $1 $18 {[%mdl 512] is the precise move to win.} Kxf7 27. Ne6 {[%mdl 64] Double Attack}) 26... Bh6 $16 27. Nec6 Rd7 28. Re7 Bf8 {[#]} (28... Rxe7 $16 29. Nxe7+ Kf8) 29. Rxd7 $1 $18 Nxd7 30. Re1 Nf6 {[#]} 31. Rc1 $1 a5 32. Nd8 Ba6 33. Rc6 Bc5 $2 (33... Nd7 34. Rc7 Ne5) 34. Nb3 {Accuracy: White = 66%, Black = 20%.} ({Less strong is} 34. Rxf6 Bxd4 35. Rd6 (35. Rxf7 Bxb2 36. a4 d4 $14) 35... Bc5 $16) 1-0

[Event "Uralsk-ch Men 2019"]
[Site "Khanty-Mansiysk"]
[Date "2019.03.13"]
[Round "1.4"]
[White "Alexander, Tuzov"]
[Black "Sergei, Iskusnyh"]
[Result "0-1"]
[WhiteElo "1979"]
[BlackElo "2484"]
[Annotator "TA"]
[PlyCount "74"]
[EventDate "2019.03.12"]
[EventType "swiss"]
[EventCountry "RUS"]
[SourceTitle "playchess.com"]
[Source "ChessBase"]
[SourceQuality "1"]

{[%evp 23,74,12,17,5,18,5,16,-14,0,-5,0,-2,-10,-53,-54,-76,-45,-118,-123,-128,-122,-136,-155,-268,-285,-259,-278,-260,-274,-280,-277,-285,-289,-339,-323,-406,-267,-249,-225,-497,-347,-393,-217,-661,-661,-977,-945,-2829,-635,-608,-607,-607,-575]} 1. e4 e6 2. d4 d5 3. e5 c5 4. c3 Nc6 5. Nf3 Qb6 6. a3 Nh6 7. Bd3 cxd4 8. cxd4 Bd7 9. Bc2 Nf5 10. Bxf5 exf5 11. Nc3 Be6 12. O-O Be7 13. b4 {[%cal Bb2b4,Bb4b5][%mdl 32] C02: French: Advance Variation} (13. Na4 Qd8 14. b4 b6 15. Be3 Rc8 16. Nb2 g5 17. Nd3 f4 18. Bc1 Qd7 19. Bb2 Nd8 20. Re1 Bf5 {½-½ (57) Hracek,Z (2607)-Fridman,D (2596) Germany 2016}) 13... O-O 14. Be3 Rfc8 15. Rc1 {The position is equal.} Qd8 16. Ne1 a5 $146 ({Predecessor:} 16... Nb8 17. Nd3 Nd7 18. Nc5 Rab8 19. Nxd7 Qxd7 20. Qa4 b5 {½-½ (32) Afek,Y (2344)-Sarakauskas,G (2397) Leuven 2002}) 17. b5 Nb8 {[%cal Bc6b8,Bb8d7,Bd7b6,Bb6c4][%mdl 32]} 18. Qb3 Nd7 19. Nd3 Nb6 20. Nb2 {[#]} ({White should play} 20. a4 $15) 20... Nc4 $1 $17 21. Nxc4 dxc4 22. Qa2 {[#] Strongly threatening d5!} f4 $1 {[%cal Rf4e3][%mdl 512]} 23. d5 (23. Bxf4 $17 Qxd4 24. Bg3) 23... fxe3 $19 24. dxe6 exf2+ ({But not} 24... fxe6 25. f4 $17) 25. Kh1 fxe6 26. Qxf2 Bxa3 27. Ra1 Bb4 28. Qf7+ Kh8 29. Na4 Qc7 30. Qxe6 Re8 31. Qg4 $2 (31. Rf7 Qb8 32. Qxc4) 31... Rxe5 32. Rad1 {And now Rd7 would win.} Re7 (32... h5 $142 33. b6 Qc6) 33. Rf4 $2 (33. Rc1) 33... Rae8 {Black is clearly winning.} 34. Rdf1 {Intending Rf8+ and mate.} Re1 {White must now prevent ...R8e4!} 35. Nb2 {[#]} Qxf4 (35... R8e4 $142 $1 {[%mdl 512]} 36. h3 (36. Rxe4 Rxf1#) 36... Rxf1+ 37. Rxf1 Rxg4) 36. Qxf4 Rxf1+ 37. Qxf1 Re1 {Accuracy: White = 14%, Black = 56%.} 0-1

[Event "Uralsk-ch Men 2019"]
[Site "Khanty-Mansiysk"]
[Date "2019.03.13"]
[Round "1.5"]
[White "Alexei, Bezgodov"]
[Black "Pavel, Trofimov"]
[Result "0-1"]
[WhiteElo "2464"]
[BlackElo "1964"]
[Annotator "TA"]
[PlyCount "63"]
[EventDate "2019.03.12"]
[EventType "swiss"]
[EventCountry "RUS"]
[SourceTitle "playchess.com"]
[Source "ChessBase"]
[SourceQuality "1"]

{[%evp 16,63,28,36,72,56,187,170,165,174,167,191,178,145,146,45,102,111,114,117,134,73,84,77,72,78,82,12,175,182,237,170,170,0,0,0,0,-142,-141,-239,-245,-387,-367,-947,-947,-937,-910,-899,-869,-1120]} 1. e4 c5 2. Nc3 d6 3. Nf3 Nf6 4. d4 cxd4 5. Nxd4 a6 6. Bc4 e6 7. Bb3 Be7 8. Be3 O-O 9. g4 {[%cal Bg2g4,Bg4g5][%mdl 32] LiveBook: 19 Games. B86: Sicilian Scheveningen/Najdorf: 6 Bc4, without early ...b5} b5 {Black wants to play ...b4.} (9... Nfd7 10. h4 Nc5 11. g5 b5 12. a3 Bb7 13. f3 Nc6 14. Qd2 Nxb3 15. cxb3 b4 16. Nxc6 Bxc6 17. axb4 {1-0 (43) Sethuraman,S (2646)-Kokarev,D (2615) Riadh 2017}) 10. g5 $1 {[%cal Rg5f6]} Nfd7 (10... Ne8 $1 $14) 11. Bxe6 $1 $18 {White is clearly better.} Bb7 $146 ({Predecessor:} 11... Bxg5 12. Bxf7+ Rxf7 13. Ne6 Bxe3 14. Nxd8 Bxf2+ 15. Ke2 Ne5 16. Nxf7 Bg4+ 17. Kxf2 {1-0 (17) Butti,E (2093)-Kropff,R (2282) Asuncion 2008}) 12. Bd5 Bxd5 13. Nxd5 Bxg5 14. Qd2 Bxe3 15. Qxe3 (15. Nxe3 $16 {Threatens to win with 0-0-0.} g6 16. O-O-O) 15... Nf6 (15... Nb6 $1 $14 16. Nxb6 Qxb6) 16. Nxf6+ $1 $16 Qxf6 17. O-O-O $36 {[%mdl 2048] Black is under strong pressure.} g6 18. Rhg1 (18. h4 $142) 18... Kh8 19. f4 Nd7 20. Nf3 Rae8 21. e5 ({White should try} 21. Rd5 $16) 21... Qe6 $2 {[#]} (21... Re7 $1 $11 {and Black stays safe.}) 22. Ng5 $1 $18 {[%cal Rg5e6]} Qf5 (22... Qe7 $142) 23. Rxd6 f6 {[%cal Rd7e5] [#]} 24. Ne4 $2 (24. e6 $1 $18 Ne5 25. fxe5 fxg5 26. Rxa6 (26. Rxg5 Qf1+ 27. Rd1 Rd8 $16) (26. Qxg5 Qh3 $16)) 24... fxe5 $11 25. Ng3 Qxf4 26. Nf1 (26. Qxf4 $11 exf4 27. Rxd7) 26... Nc5 $17 {[%cal Bd7c5,Bc5e4,Be4c3][%mdl 32]} 27. b3 (27. Rd1 $17) 27... Ne4 $19 28. Rxa6 (28. Rd3 {was called for.}) 28... Nc3 {White must now prevent ...Ne2+.} 29. Kd2 $2 (29. Rh1 b4 30. Qxf4 exf4 31. Nd2) 29... b4 {( -> ...Rd8+). Black is clearly winning.} 30. Qxf4 exf4 31. Kd3 Re1 32. Kd4 {Precision: White = 45%, Black = 48%.} 0-1

[Event "Uralsk-ch Men 2019"]
[Site "Khanty-Mansiysk"]
[Date "2019.03.13"]
[Round "1.6"]
[White "Artem, Erokhin"]
[Black "Drygalov, Sergey"]
[Result "0-1"]
[WhiteElo "1964"]
[BlackElo "2453"]
[Annotator "TA"]
[PlyCount "78"]
[EventDate "2019.03.12"]
[EventType "swiss"]
[EventCountry "RUS"]
[SourceTitle "playchess.com"]
[Source "ChessBase"]
[SourceQuality "1"]

{[%evp 20,78,0,0,12,0,0,-14,-11,-34,-20,-39,-32,-36,-33,-31,-24,-60,-67,-79,-71,-78,-79,-80,-78,-91,-74,-62,-69,-137,-138,-159,-158,-235,-147,-150,-139,-141,-141,-134,-140,-232,-235,-295,-269,-269,-269,-268,-268,-262,-258,-327,-319,-609,-604,-679,-703,-698,-695,-688,-681]} 1. e4 c5 2. Nf3 e6 3. c3 Nf6 4. e5 Nd5 5. Bc4 Nc6 6. d4 cxd4 7. cxd4 d6 8. O-O Be7 9. Bxd5 exd5 10. Bf4 dxe5 11. Nxe5 Nxe5 {B22: Sicilian: 2 c3} (11... O-O {is interesting.} 12. Nc3 Bf5 13. Rc1 Re8 14. Re1 f6) (11... Qb6 12. Nc3 Be6 13. Nxc6 Qxc6 14. Qb3 O-O {½-½ (14) Wang,Y (2226)-Kristjansson,S (2486) Reykjavik 2013}) 12. Bxe5 $146 ({Predecessor:} 12. dxe5) 12... O-O 13. Nc3 Be6 {The position is equal.} 14. Qb3 Qd7 15. Ne2 f6 16. Bg3 Rac8 17. Rac1 Bf7 18. Rc3 Rc4 19. Rfc1 Rfc8 20. a3 b5 21. Rxc4 dxc4 22. Qc3 Re8 23. Re1 Bd8 24. Kf1 (24. f3 $15) 24... Bb6 $17 25. Rd1 a5 26. f3 (26. Qd2 $17) 26... Bg6 27. Bf2 Bd3 28. Rxd3 cxd3 29. Qxd3 Qd5 30. b3 (30. Nc3 $17 Qc4 31. Qxc4+ bxc4 32. a4) 30... Bc7 31. h3 Bd6 32. Nc3 Qxb3 {[#] Strongly threatening ...b4.} 33. Qxb5 Qxb5+ 34. Nxb5 $19 {[%mdl 4096] Endgame KRB-KBN} Bf8 35. Bg3 Re3 36. Bc7 $2 {[#]} (36. a4) 36... a4 {Black is clearly winning.} 37. d5 {If only White now had time for d6....} Rb3 38. Nd4 Rd3 39. Bb6 Rxa3 {Accuracy: White = 35%, Black = 91%.} 0-1

[Event "Uralsk-ch Men 2019"]
[Site "Khanty-Mansiysk"]
[Date "2019.03.13"]
[Round "2.1"]
[White "Ayur, Lodoev"]
[Black "Pridorozhni, Aleksei"]
[Result "0-1"]
[WhiteElo "2278"]
[BlackElo "2593"]
[Annotator "TA"]
[PlyCount "96"]
[EventDate "2019.03.12"]
[EventType "swiss"]
[EventCountry "RUS"]
[SourceTitle "playchess.com"]
[Source "ChessBase"]
[SourceQuality "1"]

{[%evp 16,96,29,25,31,31,25,31,35,25,37,0,10,8,22,-4,0,0,-4,-21,0,-29,-18,-26,0,0,0,0,0,0,12,-43,-27,-10,0,0,0,7,0,0,0,0,0,0,0,0,0,0,0,0,0,-8,-8,-139,-29,-29,-29,-29,-29,-29,-29,-29,-29,-29,-29,-552,-547,-444,-564,-290,-280,-910,-932,-29964,-29967,-29967,-29968,-29966,-29967,-29964,-29964,-6398,-5097]} 1. e4 c5 2. Nf3 Nc6 3. d4 cxd4 4. Nxd4 Qb6 5. Nb3 Nf6 6. Nc3 e6 7. Be3 Qc7 8. f4 Bb4 9. Bd3 e5 {B33: Sicilian: Pelikan and Sveshnikov Variations} 10. O-O {Hoping for Nd5.} Bxc3 $1 11. bxc3 d6 {White is slightly better.} 12. f5 h6 (12... Nb8 13. Qf3 Nbd7 14. Qg3 b6 15. a4 Bb7 16. a5 Rg8 17. axb6 axb6 18. Rxa8+ Bxa8 {½-½ (46) Kravtsiv,M (2653)-Fedorov,A (2598) Lvov 2017}) 13. h3 $146 ({Predecessor:} 13. Qf3 b6 14. a4 Bb7 15. Bf2 Nb8 16. a5 Nbd7 17. c4 {0-1 (30) Jukic,B (2377)-Sale,S (2428) Biograd 2018}) 13... b6 14. a4 Bb7 15. Qe1 Nb8 {[%cal Bc6b8,Bb8d7,Bd7c5][%mdl 32]} 16. a5 Nbd7 17. Ra4 Bc6 18. axb6 axb6 19. Rb4 Nc5 20. Qh4 Ra4 21. Nd2 Ke7 22. Rfb1 Rxb4 23. Rxb4 (23. cxb4 $11 Nxd3 24. cxd3) 23... Ra8 $15 24. Nc4 Ra4 {[%cal Rc6e4]} (24... Rb8 {seems wilder.} 25. Nd2 Bd7 26. Kh2 Ra8 27. Qg3 Kf8) 25. Nxb6 Rxb4 26. cxb4 Ncxe4 27. Bxe4 Bxe4 28. Qxe4 {[%mdl 64] Remove Defender} Nxe4 29. Nd5+ {[%mdl 64] Double Attack} Kd7 30. Nxc7 Kxc7 $11 {[%mdl 4096] Endgame KB-KN} 31. c4 Ng3 32. f6 $1 {[%cal Rf6g7]} g5 33. h4 Ne4 34. g3 (34. Kh2 $1 $11) 34... Nxg3 ({Black should try} 34... gxh4 $17 35. gxh4 h5) 35. hxg5 hxg5 {...g4 is the strong threat.} 36. Kg2 Ne4 {And now ...d5 would win.} 37. Kf3 Nxf6 38. Bxg5 Nh7 39. Bh4 $1 f5 {aiming for ...d5!} 40. c5 $2 {[%mdl 8192]} (40. b5 $1 $11 {and White is okay.}) 40... dxc5 $19 41. bxc5 Kc6 42. Be7 Kd7 $1 {[%cal Rd7e7]} 43. Bh4 $2 {[#]} (43. Bd6 Ng5+ 44. Ke3 f4+ 45. Ke2) 43... Ke6 $1 44. c6 Kd6 45. Bg3 Ng5+ 46. Ke3 {[#]} Ne6 $1 47. Kd3 Kd5 48. Bh2 e4+ {Accuracy: White = 50%, Black = 71%.} 0-1

[Event "Uralsk-ch Men 2019"]
[Site "Khanty-Mansiysk"]
[Date "2019.03.13"]
[Round "2.2"]
[White "Iljiushenok, Ilia"]
[Black "Tagir, Salemgareev"]
[Result "1-0"]
[WhiteElo "2524"]
[BlackElo "2351"]
[Annotator "TA"]
[PlyCount "37"]
[EventDate "2019.03.12"]
[EventType "swiss"]
[EventCountry "RUS"]
[SourceTitle "playchess.com"]
[Source "ChessBase"]
[SourceQuality "1"]

{[%evp 17,37,13,21,10,70,66,228,228,256,264,404,394,451,441,421,416,430,414,853,858,793,586]} 1. e4 c5 2. Nf3 d6 3. d4 cxd4 4. Nxd4 Nf6 5. Nc3 a6 6. Bg5 Nbd7 7. Bc4 e6 8. O-O Qa5 9. Qd2 Be7 10. Rad1 {B94: Sicilian Najdorf: 6 Bg5 Nbd7} Nc5 (10... h6 $11 11. Be3 O-O) (10... h6 11. Be3 Nc5 12. Nb3 Nxb3 13. Bxb3 b5 14. f3 Bb7 15. Qf2 Qc7 16. Qg3 Rg8 17. Qf2 g5 {1-0 (40) Ivanchuk,V (2740)-Ehlvest,J (2610) Elista 1998}) 11. Rfe1 $14 {Nf5! is the strong threat.} Qc7 $146 {[#]} (11... h6 $14 12. Bxf6 Bxf6) ({Predecessor:} 11... Bd7 12. Nb3 Qc7 13. Nxc5 dxc5 14. e5 Ng8 15. Bxe7 Nxe7 16. Ne4 Rd8 17. Nd6+ Kf8 {1-0 (25) Sosnovsky-Kuznetsov Russia 1995}) 12. b4 $1 $18 {White is clearly better.} Ncd7 {[#]} 13. Bxe6 $1 fxe6 (13... O-O $142 14. Bb3 Nb6) 14. Nxe6 {[%cal Bd4e6,Be6g7,Bg7f5][%mdl 96] Double Attack} Qc4 15. Nxg7+ Kf7 16. Nf5 Bf8 17. Bh6 {Threatens to win with Bxf8.} Qe6 (17... Ne5 $142 18. Bxf8 Bxf5) 18. Bxf8 Nxf8 19. Qg5 1-0

[Event "Uralsk-ch Men 2019"]
[Site "Khanty-Mansiysk"]
[Date "2019.03.13"]
[Round "2.3"]
[White "Alexsander, Dubinin"]
[Black "Drygalov, Andrey"]
[Result "0-1"]
[WhiteElo "2180"]
[BlackElo "2491"]
[Annotator "TA"]
[PlyCount "104"]
[EventDate "2019.03.12"]
[EventType "swiss"]
[EventCountry "RUS"]
[SourceTitle "playchess.com"]
[Source "ChessBase"]
[SourceQuality "1"]

{[%evp 10,104,33,19,22,6,9,13,45,44,43,0,-12,-5,0,0,0,0,0,0,0,0,21,26,71,66,86,56,70,58,56,46,56,25,41,-13,45,0,0,2,17,0,0,0,-2,0,4,-36,-36,-28,-20,-22,-25,-65,-37,-57,-4,-21,-11,-81,-92,-106,-106,-103,-104,-101,-104,-106,-87,-102,-93,-106,-89,-176,-181,-472,-465,-465,-458,-589,-566,-481,-440,-379,-423,-394,-376,-506,-462,-791,-772,-768,-728,-721,-673,-1187,-546]} 1. e4 c5 2. Nf3 d6 3. d4 cxd4 4. Nxd4 Nf6 5. Nc3 a6 6. Nb3 g6 {B90: Sicilian Najdorf: Unusual White 6th moves, 6 Be3 Ng4 and 6 Be3 e5} 7. Be2 (7. Be3 Bg7 8. Qd2 Ng4 9. Bg5 h6 10. Bh4 g5 11. Bg3 Nc6 12. Be2 Nge5 13. h4 gxh4 14. Bxh4 {0-1 (35) Alekseenko,K (2638)-Nepomniachtchi,I (2763) St Petersburg 2018}) 7... Bg7 8. Be3 Nc6 {The position is equal.} 9. Nd5 {Bb6 is the strong threat.} Nd7 ({Don't go for} 9... Nxe4 $2 10. Bb6 $18) 10. c3 (10. Qc1 $14) 10... e6 $11 11. Nf4 Qc7 $146 ({Predecessor:} 11... Nde5 12. Qd2 b5 13. Nd4 Bd7 14. b3 {½-½ (41) Fenil,S (2346)-Brunello,S (2542) Reykjavik 2018}) 12. Qd2 Nf6 13. f3 $36 {[%mdl 2048] Black is under pressure.} O-O 14. O-O Rd8 15. c4 b6 16. Rac1 Ne5 17. Rfd1 Rd7 18. Kh1 Rb8 19. Bf1 Bb7 20. Qf2 Ba8 21. Nd2 Qd8 22. Nb1 (22. Nd3 $14) 22... Bc6 (22... b5 $11) 23. Nc3 b5 $1 24. cxb5 axb5 25. b4 Nc4 26. Bxc4 bxc4 27. a3 $1 Qc8 28. Qe2 Qa6 29. b5 Bxb5 30. Nxb5 Qxb5 31. Rxc4 Qb3 32. Bc1 g5 (32... d5 $15 33. Rcd4 Rc7 34. exd5 Nxd5) 33. Nh3 h6 34. f4 {[#]} (34. Rc6 $11 {keeps the balance.}) 34... d5 $1 $17 35. exd5 Nxd5 36. Qc2 Qxc2 37. Rxc2 g4 38. Nf2 h5 39. g3 Rb1 40. Ne4 Kh7 {And now ...Ne3! would win.} 41. Rc6 (41. Nf2 $17) 41... Ne7 $19 {[%mdl 64] [#] Discovered Attack} 42. Ng5+ $2 (42. Rcd6 Rxd6 43. Nxd6) 42... Kg8 43. Rxd7 Nxc6 44. Nxf7 Rxc1+ 45. Kg2 Rc2+ 46. Kf1 Rxh2 47. Ng5 Bf6 48. Nxe6 Ne7 {Black is clearly winning.} 49. a4 (49. Nc5 $142 h4 50. Ne4) 49... Nf5 50. Rd3 Ra2 51. Nc5 Bd4 52. Ne6 Rxa4 {Accuracy: White = 37%, Black = 69%.} (52... Bf2 $142 53. Kg2 Bxg3+ 54. Kf1 h4) 0-1

[Event "Uralsk-ch Men 2019"]
[Site "Khanty-Mansiysk"]
[Date "2019.03.13"]
[Round "2.4"]
[White "Sergei, Iskusnyh"]
[Black "Rozhkov, Viacheslav"]
[Result "1/2-1/2"]
[WhiteElo "2484"]
[BlackElo "2255"]
[Annotator "TA"]
[PlyCount "106"]
[EventDate "2019.03.12"]
[EventType "swiss"]
[EventCountry "RUS"]
[SourceTitle "playchess.com"]
[Source "ChessBase"]
[SourceQuality "1"]

{[%evp 19,106,31,31,30,72,60,67,75,71,68,89,80,83,81,77,54,138,137,144,138,166,160,185,92,108,75,65,68,70,54,54,38,41,30,38,29,38,38,49,31,38,38,41,6,8,0,0,0,0,0,0,0,8,0,0,0,539,489,520,415,479,446,652,654,606,588,608,589,719,683,668,653,644,243,522,356,401,282,85,56,56,70,70,0,8,8,8,8,8]} 1. d4 d5 2. c4 dxc4 3. e3 e6 4. Bxc4 Nf6 5. Nf3 a6 6. O-O c5 7. Nc3 b5 8. Be2 Bb7 9. dxc5 Qxd1 10. Rxd1 Bxc5 11. Nd2 {D27: Queen's Gambit Accepted: Classical main line: 7 e4!? and 7 a4} Ra7 $146 ({Predecessor:} 11... Bb4 12. a4 bxa4 13. Nxa4 Nbd7 14. Nc4 O-O 15. f3 Nc5 16. Nxc5 Bxc5 17. Na5 Bd5 18. Kf1 Rad8 {½-½ (62) Wang,Y (2690)-Nguyen,N (2630) Riadh 2017}) 12. Nb3 Be7 13. f3 {White is slightly better.} Ba8 14. e4 O-O 15. Be3 Rc7 16. Rac1 Rcc8 17. a3 Nbd7 (17... Nfd7 $14) 18. Na2 $16 Ne5 19. Nb4 Bxb4 20. axb4 Nc6 21. Bc5 (21. Ra1 $18 {and White stays clearly on top.}) 21... Rfd8 22. Na5 Rxd1+ 23. Rxd1 h6 24. Nxc6 Bxc6 25. Rc1 Bb7 26. Rc3 Nd7 27. Bd4 f6 28. Kf2 Kf7 29. Ke3 g5 30. g3 Ke7 31. h4 e5 32. Ba7 Ra8 33. Bc5+ $1 Nxc5 34. bxc5 $11 {[%mdl 4096] Endgame KRB-KRB} b4 35. Rc1 Bc6 36. hxg5 hxg5 37. Rh1 Bb5 $2 {[%mdl 8192] [#]} (37... a5 $1 $11) 38. Rh7+ $1 $18 Ke6 {[#]} 39. Bd1 $1 {[%cal Rd1b3]} Bc4 40. f4 exf4+ (40... gxf4+ $142 41. gxf4 f5 42. Rh6+ Ke7 43. exf5 Rf8) 41. gxf4 {Intending f5+ and mate.} f5 42. Rh6+ Ke7 43. exf5 gxf4+ 44. Kxf4 Rd8 45. f6+ Ke6 46. Bf3 $2 (46. Bg4+ Kd5 47. Rh5+ Kc6 48. Bf3+ Kc7 49. Rh7+ Rd7 50. Rxd7+ Kxd7 51. Ke5) 46... a5 $2 (46... Rf8 47. Kg5 Ke5) 47. c6 Kd6 48. Rh7 Be6 49. Ra7 {Threatens to win with c7.} Rf8 50. Kg5 {Black must now prevent c7.} Rg8+ 51. Rg7 ({Better is} 51. Kh4 $1 $14) 51... a4 {The position is equal.} 52. Rxg8 Bxg8 53. Bh5 {Hoping for f7.} a3 {Accuracy: White = 50%, Black = 57%.} 1/2-1/2